Tribhuvan University Central Library

A handbook on assessment of occupational safety and health in Nepal / (Record no. 121268)

MARC details
000 -LEADER
fixed length control field 00626nam a22001817a 4500
008 - FIXED-LENGTH DATA ELEMENTS--GENERAL INFORMATION
fixed length control field 250403b |||||||| |||| 00| 0 eng d
020 ## - INTERNATIONAL STANDARD BOOK NUMBER
International Standard Book Number 9789937160339
082 ## - DEWEY DECIMAL CLASSIFICATION NUMBER
Edition number 23rd.
Classification number 363.11
Item number Ad42h
100 1# - MAIN ENTRY--PERSONAL NAME
Personal name Adhikari, Bikash
245 ## - TITLE STATEMENT
Title A handbook on assessment of occupational safety and health in Nepal /
Statement of responsibility, etc. Bikash Adhikari and Aayush Ojha.
260 ## - PUBLICATION, DISTRIBUTION, ETC.
Place of publication, distribution, etc. Dhulikhel :
Name of publisher, distributor, etc. Center for Environmental Safeguards and Occupational Safety.
Date of publication, distribution, etc. 2024.
300 ## - PHYSICAL DESCRIPTION
Extent 41p. : ill.
500 ## - GENERAL NOTE
General note Includes references.
650 ## - SUBJECT ADDED ENTRY--TOPICAL TERM
Topical term or geographic name entry element Occupational safety
9 (RLIN) 10945
650 ## - SUBJECT ADDED ENTRY--TOPICAL TERM
Topical term or geographic name entry element Industrial safety.
700 1# - ADDED ENTRY--PERSONAL NAME
Personal name Ojha, Aayush
942 ## - ADDED ENTRY ELEMENTS (KOHA)
Source of classification or shelving scheme Dewey Decimal Classification
Koha item type ISBN
Holdings
Withdrawn status Lost status Source of classification or shelving scheme Damaged status Not for loan Home library Current library Date acquired Total Checkouts Full call number Barcode Date last seen Price effective from Koha item type
    Dewey Decimal Classification     Tribhuvan University Central Library Tribhuvan University Central Library 04/03/2025   363.11 Ad42h IS32829 04/03/2025 04/03/2025 ISBN
    Dewey Decimal Classification     Tribhuvan University Central Library Tribhuvan University Central Library 04/03/2025   363.11 Ad42h IS32830 04/03/2025 04/03/2025 ISBN